000 01851cam a22005054i 4500
003 PE-LiUPU
005 20250731172953.0
008 150623s r 000 0 d
020 _a0802807518
035 _a(Sirsi) i9780802807519
040 _aPE-LiUPU
_bspa
_cPE-LiUPU
_erda
049 _aPRUA
082 0 4 _a221.6092
_bC18
_221
100 1 _aCalvino, Juan,
_eautor.
245 1 0 _aEzekiel I :
_b(Chapters 1-12).
_n1 /
_cJuan Calvino.
264 1 _aGrand Rapids, Michigan :
_bWilliam B. Eerdmans Publishing Company,
_c1994.
300 _a322 páginas ;
_c23 centímetros
336 _atext
_2rdacontent
337 _aunmediated
_2rdamedia
338 _avolume
_2rdacarrier
490 0 _aCalvin's Old Testament Commentaries ;
_v18
504 _aBibliografía al pie de páginas.
505 0 _aEzequiel.
526 _aSEG42
526 _aSEG41
526 _aSEG40
526 _aSEG39
526 _aP94
526 _aP87
526 _aP86
526 _aP85
526 _aP77
526 _aP76
526 _aP35
630 _aBiblia.
_pA.T.
_pEzequiel
_xCrítica, interpretación, etc.
942 _2ddc
_cBOOK
949 _a221.6092 C18 1
_wDEWEY
_c1
_i45069
_lCCODEBUL1
_mBUL
_r0
_sY
_tBOOK
_u2015-6-24
_xTEOLOGIA
_PP35
_0COMPRA
_o.STAFF. Colección General
949 _a221.6092 C18 1
_wDEWEY
_c2
_i45944
_lCCODEBUL1
_mBUL
_r0
_sY
_tBOOK
_u2015-6-24
_xTEOLOGIA
_PP35
_0COMPRA
_o.STAFF. Colección General
994 _aC0
_bPEPRU
596 _a1
999 _a221.6092 C18 1
_wDEWEY
_c21952
_i45069
_f2021-11-30
_g5
_lCCODEBUL1
_mBUL
_r0
_sY
_tBOOK
_u2015-6-24
_xTEOLOGIA
_PP35
_0COMPRA
_o.STAFF. Colección General
_d21952
999 _a221.6092 C18 1
_wDEWEY
_c2
_i45944
_f2021-11-9
_g5
_lCCODEBUL1
_mBUL
_r0
_sY
_tBOOK
_u2015-6-24
_xTEOLOGIA
_PP35
_0COMPRA
_o.STAFF. Colección General
980 _81
_gALBERTO SANCHEZ Responsable de Automatización